Culture Générale - Série 2178 - Statistiques

Statistiques générales
  • Ce quiz a été pris 116 fois
  • Le résultat moyen est 5 sur 10
Statistiques - réponses
Question Réponse % Correct
De quel pays est originaire le fromage caillé en saumure appelé "feta" ? Grèce
91%
Quel philosophe grec a écrit "Le banquet" ? Platon
75%
Quel était le prénom de l'épouse du Président de la République française décédé le 9 novembre 1970 ? Yvonne
63%
Indiquez le numéro du département français sur lequel se trouve le cirque cirque naturel de type glaciaire de Gavarnie ? 65
58%
De quel pays Maputo est-il la capitale ? Mozambique
51%
Quel philosophe allemand a écrit "Ainsi parlait Zarathoustra " ? Nietzsche
47%
Quel archéologue britannique, prénommé Howard", a découvert la tombe du pharaon Toutânkhamon en 1922 ? Howard Carter
40%
De quel grand lac est originaire le poisson en voie de disparition appelé "féra" ? Léman
25%
Quelle athlète française (1946-2005) a remporté la médaille d'or du 400 mètres lors des Jeux olympiques de Mexico en 1968 ? prénom et nom - voir photo Colette Besson
22%
En architecture, comment appelle-t-on la statue d'homme (appelée également "télamon") qui soutient un entablement ? atlante
11%
Aucun quiz correspondant
Distribution des résultats
% des personnes avec chaque résultat
Percentile par nombre de réponses
Votre historique - résultats
Vous n’avez pas pris ce quiz